000 00249nam a2200097Ia 4500
008 120527s9999 xx 000 0 und d
100 _aSHIGLEY,J.E.et al.
245 _aMechanical engineering design.5th edition.
260 _bMcgraw-hill
942 _cBK
999 _c24101
_d24101